000 00773nam a22002411a 4500
001 28217
003 BD-RjUL
005 20211209051243.0
008 140329r19741966nbu b 001 0 eng d
035 _a(BD-RjUL)28298
_a(OCoLC)951485
040 _aLC
_beng
_cLC
_dABN:1
_dBD-RjUL
041 _aeng
082 0 0 _a973.7
_bRAT 1974
100 1 _aRawley, James A.
_986409
245 1 0 _aTurning points of the Civil War /
_cby James A. Rawley.
260 _aLincoln :
_bUniversity of Nebraska Press,
_c1966 [reissued 1974].
300 _aix, 230 p. :
_bmap (on lining papers) ;
_c22 cm.
504 _aBibliography: p. 213-219. and index.
651 0 _aUnited States
_xHistory
_yCivil War, 1861-1865.
_986410
942 _2ddc
_cBK
999 _c28217
_d28217